<?xml version="1.0" encoding="UTF-8"?>
<collection xmlns="http://www.loc.gov/MARC21/slim">
 <record>
  <leader>00630pamaa2200193   4500</leader>
  <controlfield tag="001">0000041053</controlfield>
  <controlfield tag="005">20100610090000.0</controlfield>
  <datafield tag="020" ind1="0" ind2="0">
   <subfield code="a">0534374824 (pbk.) </subfield>
  </datafield>
  <datafield tag="082" ind1=" " ind2=" ">
   <subfield code="a">005.133 FOR</subfield>
  </datafield>
  <datafield tag="090" ind1="0" ind2="0">
   <subfield code="a">QA76.73.C15 </subfield>
   <subfield code="b">FOR 2001</subfield>
  </datafield>
  <datafield tag="100" ind1="1" ind2="0">
   <subfield code="a">Forouzan </subfield>
  </datafield>
  <datafield tag="245" ind1="1" ind2="0">
   <subfield code="a">Computer science : </subfield>
   <subfield code="b">a structured programming approach using C  </subfield>
   <subfield code="c">Behrouz A. Forouzan and Richard F. Gilberg.</subfield>
  </datafield>
  <datafield tag="250" ind1="0" ind2="0">
   <subfield code="a">2nd ed.</subfield>
  </datafield>
  <datafield tag="260" ind1="0" ind2="0">
   <subfield code="a">Minneapolis/St.Paul: </subfield>
   <subfield code="b">West Pub., </subfield>
   <subfield code="c">2001.</subfield>
  </datafield>
  <datafield tag="300" ind1=" " ind2=" ">
   <subfield code="a">xxviii, 900 p.: </subfield>
   <subfield code="b">ill.; </subfield>
   <subfield code="c">26cm.</subfield>
  </datafield>
  <datafield tag="650" ind1="0" ind2="0">
   <subfield code="a">Structured programming </subfield>
  </datafield>
  <datafield tag="650" ind1="0" ind2="0">
   <subfield code="a">C (Computer program language) </subfield>
  </datafield>
  <datafield tag="700" ind1="1" ind2="1">
   <subfield code="a">GILBERG, </subfield>
   <subfield code="h">Richard F. </subfield>
  </datafield>
  <datafield tag="901" ind1=" " ind2=" ">
   <subfield code="u">http://www.brookscole.com</subfield>
  </datafield>
 </record>
</collection>
